Poverty and household/Family size in Tanzania : multiple responses to population pressure?

محفوظ في:
التفاصيل البيبلوغرافية
المؤلف الرئيسي: Kamuzora, Lwechungura C.
مؤلفون آخرون: Mkanta, William
التنسيق: كتاب
منشور في: Dar es salaam : Research on Poverty Alleviation., c2000.
الموضوعات:
الوسوم: إضافة وسم
لا توجد وسوم, كن أول من يضع وسما على هذه التسجيلة!

MARC

LEADER 00000nam a2200000 4500
020 |a NA  |c TZs.5000/- 
040 |a MUL  |b eng  |e AACR 
082 |a 339.4609678 KAM 
100 |a Kamuzora, Lwechungura C. 
245 |a Poverty and household/Family size in Tanzania :  |b multiple responses to population pressure?  |c / C.Lwechungura Kamuzora and William Mkanta 
260 |a Dar es salaam :  |b Research on Poverty Alleviation.,  |c c2000. 
300 |a iii,35 p.:  |c 22cm 
504 |a Includes references 
546 |a eng 
650 |a Household surveys Tanzania  |z Tanzania 
650 |a Poverty   |z Tanzania 
700 |a Mkanta, William 
942 |c BK 
999 |c 9026  |d 9026